| 000 | 00548nam a22001937a 4500 | ||
|---|---|---|---|
| 003 | OSt | ||
| 005 | 20240624100826.0 | ||
| 008 | 240624b |||||||| |||| 00| 0 eng d | ||
| 020 | _a0521558859 | ||
| 040 |
_aMUST _cMUST |
||
| 082 | _a530 STE 1994 | ||
| 100 |
_aSternberg S. _917619 |
||
| 245 |
_aGroup theory and Physics/ _cS.Sternberg |
||
| 260 |
_aUK: _bCambridge University; _c1994. |
||
| 300 |
_axiii,429p.: _bill,: _c24.6cm. |
||
| 504 | _aIncludes Bibliographical Appendixes and Indexes. | ||
| 650 | _2 Theory (Physics) | ||
| 942 |
_2ddc _cO_SHELF |
||
| 999 |
_c8716 _d8716 |
||